África y la producción intelectual no eurófona introducción al conocimiento islámico al sur del Sáhara /

I tiakina i:
Ngā taipitopito rārangi puna kōrero
Kaituhi matua: Kane, Ousmane
Kaituhi rangatōpū: e-libro, Corp
Hōputu: īPukapuka
Reo:Pāniora
I whakaputaina: Barcelona : Oozebap, 2011.
Rangatū:Pescando husmeos ; 7
Ngā marau:
Urunga tuihono:https://elibro.unach.elogim.com/es/lc/unach/titulos/50450
Tags: Tāpirihia he Tūtohu
No Tags, Be the first to tag this record!

MARC

LEADER 00000nam a2200000 a 4500
001 ELB50450
003 FlNmELB
006 m o d |
007 cr cn|||||||||
008 130124r2011 sp |||||s|||||||||||spa d
020 |z 9788461452453 
035 |a (MiAaPQ)EBC3205040 
035 |a (Au-PeEL)EBL3205040 
035 |a (CaPaEBR)ebr10637034 
035 |a (OCoLC)929394145 
040 |a FlNmELB  |b spa  |c FlNmELB 
050 4 |a BP64.A1  |b K162 2011 
082 0 4 |a 297.096  |2 22 
100 1 |a Kane, Ousmane. 
245 1 0 |a África y la producción intelectual no eurófona  |h [recurso electronico] :  |b introducción al conocimiento islámico al sur del Sáhara /  |c Ausmane Kane. 
260 |a Barcelona :  |b Oozebap,  |c 2011. 
300 |a 129 p. 
490 0 |a Pescando husmeos ;  |v 7 
533 |a Recurso electrónico. Santa Fe, Arg.: e-libro, 2015. Disponible vía World Wide Web. El acceso puede estar limitado para las bibliotecas afiliadas a e-libro. 
650 4 |a Islam  |z África. 
650 0 |a Islam  |z Africa. 
651 4 |a África  |x Civilización islámica. 
651 4 |a África  |x Vida intelectual. 
651 0 |a Africa  |x Civilization. 
651 0 |a Africa  |x Intellectual life. 
655 4 |a Libros electrónicos. 
710 2 |a e-libro, Corp. 
856 4 0 |u https://elibro.unach.elogim.com/es/lc/unach/titulos/50450